| 000 | 00546nam a22001817a 4500 | ||
|---|---|---|---|
| 999 |
_c3077 _d3077 |
||
| 003 | AR-CdUCM | ||
| 008 | 190305b ||||| |||| 00| 0 spa d | ||
| 040 |
_aMUNICIPALIDAD PROVINCIAL DEL CUSCO _cBIBLIOTECA MUNICIPAL DEL CUSCO |
||
| 082 |
_a869.58 / _bAQ65 |
||
| 100 |
_aAquiles Herrera, Carlos _910431 |
||
| 245 | _aEl Criollismo limeño / | ||
| 260 |
_aLima : _bImprenta la moderna, _c1944. |
||
| 300 |
_a43 páginas ; _c21 cm. |
||
| 500 | _aDonación Familia Nieto | ||
| 650 |
_aNarrativa peruana _9226 |
||
| 942 |
_2ddc _cLIBROS |
||
| 945 | _araen | ||